000 01122nam a22002417a 4500
999 _c64630
_d64630
005 20240530110741.0
008 180923s2012 su a f b 000 0 ara d
017 _bالسعودية . مكتبة الملك فهد الوطنية
_a1433/5172
020 _a9786035070263
040 _aEG-CaGPL
_cEG-CaGPL
082 0 4 _221
_a930.1028\
_bر د
100 1 _aروجرز . ، برادلى أ.
245 1 0 _aدليل ترميم الاثار للاثاريين :
_bالمرشد للمواد غير السامة والحد الادنى من التدخل لتثبيت المقتنيات الاثرية /
_cتأليف برادلى أ. روجرز ؛ ترجمة عبدالناصر بن عبدالرحمن الزهرانى
250 _aط.1
260 _aالرياض :
_c2012 .
300 _a398 ص. :
_bايض ؛
_c24 سم.
504 _aيشتمل على ارجاعات ببليوجرافية
650 0 7 _aالاثار
_2qrmak
_xصيانة
651 _2qrmak
700 0 _aعبدالناصر بن عبدالرحمن الزهرانى
_eمترجم
942 _2ddc
_cBK